<?xml version="1.0" encoding="UTF-8"?>
<collection xmlns="http://www.loc.gov/MARC21/slim">
    <record>
        <controlfield tag="001">88696</controlfield>
        <controlfield tag="005">20200514105012.0</controlfield>
        <datafield tag="037" ind1=" " ind2=" ">
            <subfield code="a">TAZ-TFM-2019-115</subfield>
        </datafield>
        <datafield tag="041" ind1=" " ind2=" ">
            <subfield code="a">spa</subfield>
        </datafield>
        <datafield tag="100" ind1="1" ind2=" ">
            <subfield code="a">Sousa Bernués, Ana Blanca</subfield>
        </datafield>
        <datafield tag="242" ind1="0" ind2="0">
            <subfield code="a">Utilization of health services according to the sex of the spanish elderly population</subfield>
        </datafield>
        <datafield tag="245" ind1="0" ind2="0">
            <subfield code="a">Utilización de los servicios sanitarios en función del sexo de la población mayor española</subfield>
        </datafield>
        <datafield tag="260" ind1=" " ind2=" ">
            <subfield code="a">Zaragoza</subfield>
            <subfield code="b">Universidad de Zaragoza</subfield>
            <subfield code="c">2019</subfield>
        </datafield>
        <datafield tag="506" ind1=" " ind2=" ">
            <subfield code="a">by-nc-sa</subfield>
            <subfield code="b">Creative Commons</subfield>
            <subfield code="c">3.0</subfield>
            <subfield code="u">http://creativecommons.org/licenses/by-nc-sa/3.0/</subfield>
        </datafield>
        <datafield tag="520" ind1=" " ind2=" ">
            <subfield code="a">Introducción: La salud es un estado biocultural de equilibrio, con un componente subjetivo, entre lo biológico y lo psíquico, así como una función normal mantenida dentro del contexto sociocultural. Durante el proceso de envejecimiento pueden producirse pequeñas descompensaciones que ocasionan grandes deterioros funcionales, lo que conlleva a un mayor uso de los servicios sanitarios por parte de las personas mayores. En el estado de salud, la equidad de género concierne el logro, por parte de mujeres y hombres, de niveles comparables de bienestar físico, psicológico y social, eliminando disparidades innecesarias, evitables e injustas, entre sexos. Objetivo: Analizar y describir si existen desigualdades entre sexos en la utilización de los servicios sanitarios de Atención Primaria (AP), Atención Especializada (AE), ingreso hospitalario y servicio de urgencias en personas mayores de 65 años en España. Metodología: Se trata de un estudio descriptivo transversal a partir de los datos procedentes de Encuesta Nacional de Salud en España en 2017 (ENSE 2017), realizada por el Ministerio de Sanidad, Consumo y Bienestar Social (MSCBS) con la colaboración del Instituto Nacional de Estadística (INE). Se analiza información sanitaria relativa a la población residente en España de personas de edad igual o mayor a 65 años.  Resultados: No se encontraron diferencias en el uso de los servicio de Atención Primaria y Especializada en cuanto al sexo (p>0,05), sin embargo, si que se encontraron en los ingresos hospitalarios (p=0,025), y en el servicio de urgencias(p&lt;0,001). Además se observa un aumento en el uso de los servicios de Atención Primaria (p=0,019), ingresos hospitalarios (p=0,008), y servicio de urgencias (p=0,02) al aumentar la edad. Del mismo modo, una peor percepción de la salud se asocia con un mayor de todos los servicios sanitarios (p&lt;0,001). Conclusiones: Los resultados ponen de manifiesto las diferencias en la utilización de los servicios sanitarios en función del sexo, así como de la edad y la salud percibida. Se resalta la necesidad de desarrollar programas de atención al anciano siendo necesario la realización de estudios bajo esta temática, que permiten identificar las necesidades de salud y mejorar la calidad de la atención.&lt;br /></subfield>
        </datafield>
        <datafield tag="521" ind1=" " ind2=" ">
            <subfield code="a">Máster Universitario en Gerontología Social</subfield>
        </datafield>
        <datafield tag="540" ind1=" " ind2=" ">
            <subfield code="a">Derechos regulados por licencia Creative Commons</subfield>
        </datafield>
        <datafield tag="653" ind1="1" ind2=" ">
            <subfield code="a">Servicios de salud</subfield>
        </datafield>
        <datafield tag="653" ind1="1" ind2=" ">
            <subfield code="a">Sexo</subfield>
        </datafield>
        <datafield tag="653" ind1="1" ind2=" ">
            <subfield code="a">Adulto mayor</subfield>
        </datafield>
        <datafield tag="700" ind1=" " ind2=" ">
            <subfield code="a">Gascón Catalán, Ana María</subfield>
            <subfield code="e">dir.</subfield>
        </datafield>
        <datafield tag="710" ind1="2" ind2=" ">
            <subfield code="a">Universidad de Zaragoza</subfield>
            <subfield code="b">Fisiatría y Enfermería</subfield>
            <subfield code="c">Enfermería</subfield>
        </datafield>
        <datafield tag="856" ind1="0" ind2=" ">
            <subfield code="f">622938@celes.unizar.es</subfield>
        </datafield>
        <datafield tag="856" ind1="4" ind2=" ">
            <subfield code="s">465456</subfield>
            <subfield code="u">http://zaguan.unizar.es/record/88696/files/TAZ-TFM-2019-115.pdf</subfield>
            <subfield code="y">Memoria (spa)</subfield>
        </datafield>
        <datafield tag="909" ind1="C" ind2="O">
            <subfield code="o">oai:zaguan.unizar.es:88696</subfield>
            <subfield code="p">driver</subfield>
            <subfield code="p">trabajos-fin-master</subfield>
        </datafield>
        <datafield tag="950" ind1=" " ind2=" ">
            <subfield code="a"></subfield>
        </datafield>
        <datafield tag="951" ind1=" " ind2=" ">
            <subfield code="a">deposita:2020-05-13</subfield>
        </datafield>
        <datafield tag="980" ind1=" " ind2=" ">
            <subfield code="a">TAZ</subfield>
            <subfield code="b">TFM</subfield>
            <subfield code="c">EUCS</subfield>
        </datafield>
        <datafield tag="999" ind1=" " ind2=" ">
            <subfield code="a">20190613174527.CREATION_DATE</subfield>
        </datafield>
    </record>

    
</collection>